| 000 | 00918nam a22002897a 4500 | ||
|---|---|---|---|
| 001 | 5565 | ||
| 003 | FISKH | ||
| 005 | 20241217170216.0 | ||
| 008 | 241217b cb ||||| |||| 00| 0 eng d | ||
| 020 | _a9780516235660 | ||
| 040 |
_aFISKH _beng _cFISKH _dFISKH |
||
| 050 | _aQE521.T53 | ||
| 082 | _a551.22 | ||
| 100 | _aThompson, Luke | ||
| 245 |
_aEarthquakes / _cby Luke Thompson |
||
| 260 |
_aNew York : _bChildren's Press ; _c2000. |
||
| 300 |
_a48 pages : _bcolor illustrations ; _c22 cm . |
||
| 490 | _a High Interest Books | ||
| 490 | _aNatural Disasters | ||
| 505 | _aS | ||
| 520 | _aExplains why earthquakes occur and describes the technology used to study them, the damage they inflict, and some of the more famous earthquakes in history. | ||
| 521 | 8 |
_a810
_bLexile |
|
| 521 | 8 |
_aS
_bRaz-Plus |
|
| 650 |
_aEarthquakes _vJuvenile literature |
||
| 942 |
_2ddc _cBK _n0 |
||
| 999 |
_c5565 _d5565 |
||